| 000 | 00373nam a22001457a 4500 | ||
|---|---|---|---|
| 005 | 20230118121203.0 | ||
| 008 | 190529b xxu||||| |||| 00| 0 eng d | ||
| 041 | _aeng | ||
| 100 | _aKASHIKAR, DR. VRUSHALI S. AND OTHERS | ||
| 245 | _aINDUSTRIAL , PHARMACY - II | ||
| 260 |
_aPUNE _bNIRALI PRAKASHAN |
||
| 300 | _a1.3p, | ||
| 650 |
_aPHARMACY _xD.PHARMA _97090 |
||
| 942 | _cBK | ||
| 999 |
_c5899 _d5897 |
||